000 00726nam a2200241Ia 4500
003 OSt
005 20220923224955.0
006 a|||||r|||| 00| 0
007 ta
008 220922b |||||||| |||| 00| 0 hin d
024 _a254,524
037 _cTextual
040 _aARTS
_cARTS
_bhin
041 _2hin
_ahin
082 _aO152,3N46x, N0
100 _aपुष्करणा, सतीशराज
245 0 _aबदलती हवा के साथ
246 _aBadalatī havā ke sātha
260 _c1990
650 _aहिन्दी साहित्य
_9156264
942 _hO152,3N46x, N0
_cTEXL
_2CC
999 _c375124
_d375124